000 00298nam a22001217a 4500
003 SGT
082 _a618.2
_bU12M
100 _aMALIK,SONIA
245 _aUNDERSTANDING MALE INFERTILITY GLOBAL PRACTICES AND INDIAN PERSPECTIVE
250 _a1ST
260 _aINDIA
_bELSEVIER
_c2012
942 _2ddc
_cBK
999 _c14031
_d14031